Everyone wants to work here : attract the best talent, energize your team, and be the leader in your market /

Building a productive work culture doesn't have to invite burnout and stress-Everyone Wants to Work Here empowers you and your team to build effective habits for accomplishing your goals. Exhaustion not required. To achieve efficiency, productivity, and significant results, you need to make the...

Full description

Bibliographic Details
Main Author: Thomas, Maura Nevel (Author)
Format: Audio eBook
Language:English
Published: [Place of publication not identified] : Ascent Audio, 2023.
Edition:[First edition].
Subjects:
Online Access:Connect to this electronic resource

MARC

Tag First Indicator Second Indicator Subfields
LEADER 00000nim a22000007i 4500
001 in00004722921
006 m o h
007 sz zunnnnnuneu
007 cr nnannnuuuuu
008 230523s2023 xx nnnn o i n eng d
005 20260128185451.2
020 |a 9781469082202  |q (electronic audio bk.) 
020 |a 1469082209  |q (electronic audio bk.) 
035 |a (OCoLC)1379804609 
037 |a 9781469082202  |b O'Reilly Media 
040 |a ORMDA  |b eng  |e rda  |e pn  |c ORMDA 
049 |a TXAM 
050 4 |a BF637.L4 
082 0 4 |a 658.4092  |2 23/eng/20230523 
100 1 |a Thomas, Maura Nevel,  |e author. 
245 1 0 |a Everyone wants to work here :  |b attract the best talent, energize your team, and be the leader in your market /  |c Maura Nevel Thomas. 
250 |a [First edition]. 
264 1 |a [Place of publication not identified] :  |b Ascent Audio,  |c 2023. 
300 |a 1 online resource (1 audio file (4 hr., 9 min.)) 
306 |a 040900 
336 |a spoken word  |b spw  |2 rdacontent 
337 |a computer  |b c  |2 rdamedia 
338 |a online resource  |b cr  |2 rdacarrier 
344 |a digital  |2 rdatr 
347 |a audio file  |2 rdaft 
511 0 |a Read by Maura Nevel Thomas. 
520 |a Building a productive work culture doesn't have to invite burnout and stress-Everyone Wants to Work Here empowers you and your team to build effective habits for accomplishing your goals. Exhaustion not required. To achieve efficiency, productivity, and significant results, you need to make the best use of the resources available to you. Productivity expert Maura Thomas helps you nurture the crucial resource that is your work culture and build productive habits for yourself and your team, without letting work take over your life. Everyone Wants to Work Here empowers you to define what productivity means for your team and to create conditions that support your own productivity. Starting with yourself, Thomas's holistic advice will help you develop productive strategies for your whole team, such as: efficient company-wide communication strategies; achieving the organization's most significant results; off-site work with healthy boundaries; office design that supports collaborative and focused work; and holistic well-being of your whole team. 
588 0 |a Online resource; title from title details screen (O'Reilly, viewed May 23, 2023). 
650 0 |a Leadership. 
650 0 |a Teams in the workplace. 
655 7 |a Audiobooks.  |2 lcgft 
856 4 0 |u https://proxy.library.tamu.edu/login?url=https://go.oreilly.com/TAMU/library/view/-/9781469082202/?ar  |z Connect to this electronic resource  |t 0 
955 |a Safari/O'Reilly ebooks 
994 |a 92  |b TXA 
999 f f |s 2017f3da-81e7-466a-af98-3617b619e828  |i b31646de-b6e4-4454-a97d-bb0f5ea239cf  |t 0 
952 f f |a Texas A&M University  |b College Station  |c Electronic Resources  |s www_evans  |d Available Online  |t 0  |e BF637.L4   |h Library of Congress classification 
998 f f |a BF637.L4   |t 0  |l Available Online